[Event "MVP-ch Seniors op 18th"]
[Site "Ostseebad Binz"]
[Date "2018.11.30"]
[Round "3"]
[White "Hund, Gerhard"]
[Black "Moews, Harald"]
[Result "1-0"]
[WhiteElo "1943"]
[BlackElo "1726"]
[PlyCount "119"]
[EventDate "2018.11.28"]
[EventType "swiss"]
[EventRounds "9"]
[EventCountry "GER"]
[SourceTitle "CBM 188 Extra"]
[Source "ChessBase"]
[SourceDate "2019.02.26"]
[SourceVersion "1"]
[SourceVersionDate "2019.02.26"]
[SourceQuality "1"]

1. e4 e6 2. f4 Be7 3. Nf3 Nh6 4. g3 f5 5. Qe2 0-0 6. d4 a6 7. Nbd2 b5 8. Bg2 Bb7 9. 0-0 d5 10. exd5 Bxd5 11. b3 b4 12. Bb2 Nd7 13. Rac1 Bf6 14. c4 bxc3 15. Rxc3 Re8 16. Rc2 c6 17. Nc4 Nf7 18. Nce5 Ndxe5 19. dxe5 Be7 20. Rd1 Qa5 21. Bc3 Qb6+ 22. Bd4 Qb7 23. Kh1 a5 24. Nd2 a4 25. Bxd5 cxd5 26. Rdc1 axb3 27. Nxb3 Rec8 28. Kg1 Nd8 29. g4 Nc6 30. gxf5 exf5 31. Qd3 g6 32. Nc5 Bxc5 33. Bxc5 Nb4 34. Bxb4 Rxc2 35. Rxc2 Qb6+ 36. Kg2 d4 37. Qc4+ Kh8 38. Qc6 Qd8 39. Qd6 Qg8 40. Qf6+ Qg7 41. Qxg7+ Kxg7 42. a3 h6 43. Rc7+ Kg8 44. Rd7 g5 45. Rxd4 Kf7 46. Rd6 Rc8 47. Rf6+ Kg7 48. Rxf5 Kg6 49. Rf6+ Kh5 50. fxg5 hxg5 51. Rf2 Rc4 52. Re2 Rg4+ 53. Kf3 Rf4+ 54. Ke3 Kg4 55. e6 Kf5 56. Kd3 Rf3+ 57. Kd4 Rf4+ 58. Kd5 Rf3 59. e7 Rd3+ 60. Kc4 1-0

[Event "Verbandsliga Suedbaden 1617"]
[Site "Baden"]
[Date "2017.01.29"]
[Round "5.6"]
[White "Bochis, Julia"]
[Black "Hund, Gerhard"]
[Result "1-0"]
[WhiteElo "2158"]
[BlackElo "2005"]
[PlyCount "111"]
[EventDate "2016.10.09"]
[EventType "team-tourn"]
[EventRounds "9"]
[EventCountry "GER"]
[SourceTitle "EXT 2022"]
[Source "ChessBase"]
[SourceDate "2021.10.06"]
[SourceVersion "1"]
[SourceVersionDate "2021.10.06"]
[SourceQuality "1"]
[WhiteTeam "Baden Baden III"]
[BlackTeam "Zaehringen"]
[WhiteTeamCountry "GER"]
[BlackTeamCountry "GER"]

1. e4 e6 2. d4 d5 3. Nc3 dxe4 4. Nxe4 Nf6 5. Ng3 b6 6. Nf3 Bb7 7. Bg5 Be7 8. Be2 Nbd7 9. 0-0 0-0 10. c3 Ne4 11. Bf4 Nxg3 12. Bxg3 Nf6 13. Qd3 Ne4 14. Bf4 Bd6 15. Qe3 Bxf4 16. Qxf4 Qd6 17. Qh4 Nf6 18. Rad1 Bxf3 19. Bxf3 Rad8 20. Qg5 h6 21. Qb5 a5 22. g3 Nd5 23. Rfe1 Ne7 24. Re3 Rb8 25. Qe2 Nd5 26. Re5 Rfd8 27. a3 b5 28. Be4 f6 29. Rh5 f5 30. Bc2 Nf6 31. Rh4 c6 32. Rf4 Re8 33. Re1 Qd5 34. Rf3 g5 35. Re3 Kf7 36. Re5 Qd7 37. Bb3 Nd5 38. h4 Kf6 39. hxg5+ hxg5 40. Kg2 g4 41. Bxd5 cxd5 42. Qe3 Rb6 43. Qh6+ Ke7 44. Rxf5 Kd8 45. Qg5+ Kc8 46. Rf4 b4 47. axb4 axb4 48. Rxg4 bxc3 49. bxc3 Rb3 50. Rc1 Qc6 51. Qg6 Re7 52. Qf6 Kd7 53. Rg7 Rxg7 54. Qxg7+ Kc8 55. Rh1 Qd7 56. Qg8+ 1-0

[Event "Wch Seniors 65 26th"]
[Site "Marianske Lazne"]
[Date "2016.11.27"]
[Round "8"]
[White "Slechta, Karel"]
[Black "Hund, Gerhard"]
[Result "1/2-1/2"]
[WhiteElo "1872"]
[BlackElo "2005"]
[PlyCount "47"]
[EventDate "2016.11.19"]
[EventType "swiss"]
[EventRounds "11"]
[EventCountry "CZE"]
[SourceTitle "CBM 175 Extra"]
[Source "ChessBase"]
[SourceDate "2016.12.12"]
[SourceVersion "1"]
[SourceVersionDate "2016.12.12"]
[SourceQuality "1"]

1. e4 c5 2. Nf3 d6 3. d4 cxd4 4. Nxd4 Nf6 5. Nc3 e5 6. Ndb5 a6 7. Na3 Qc7 8. Bc4 Be6 9. Nd5 Nxd5 10. Bxd5 Bxd5 11. Qxd5 Qc6 12. Qd3 Nd7 13. f3 Be7 14. Be3 Rd8 15. c4 0-0 16. Nc2 Nc5 17. Qd2 b5 18. Nb4 Qb7 19. cxb5 axb5 20. 0-0 Ra8 21. Rfd1 Rfd8 22. Qf2 Ne6 23. Nd5 Bg5 24. Bxg5 1/2-1/2

[Event "Wch Seniors 65 26th"]
[Site "Marianske Lazne"]
[Date "2016.11.24"]
[Round "6"]
[White "Friedman, Josef"]
[Black "Hund, Gerhard"]
[Result "1/2-1/2"]
[WhiteElo "2187"]
[BlackElo "2005"]
[PlyCount "83"]
[EventDate "2016.11.19"]
[EventType "swiss"]
[EventRounds "11"]
[EventCountry "CZE"]
[SourceTitle "CBM 175 Extra"]
[Source "ChessBase"]
[SourceDate "2016.12.12"]
[SourceVersion "1"]
[SourceVersionDate "2016.12.12"]
[SourceQuality "1"]

1. d4 c5 2. d5 e5 3. e4 d6 4. Nc3 Be7 5. Nf3 a6 6. a4 Nf6 7. Be2 0-0 8. 0-0 Bg4 9. Nd2 Bxe2 10. Qxe2 Nbd7 11. Nc4 Rb8 12. a5 Ne8 13. Qg4 b5 14. axb6 Nxb6 15. Na5 Ra8 16. Nc6 Qc7 17. Qe2 c4 18. Be3 Bf6 19. Na4 Nxa4 20. Rxa4 Qb7 21. Rb4 Qd7 22. Qxc4 Nc7 23. Rb7 Qc8 24. Ne7+ Bxe7 25. Qxc7 Rb8 26. Qxe7 Qxb7 27. Qxd6 Qxb2 28. Qxa6 Qxc2 29. f3 Rb2 30. Bf2 Rfb8 31. g3 Rb1 32. Rxb1 Rxb1+ 33. Kg2 h6 34. d6 Rd1 35. Qb5 Rd2 36. Qe8+ Kh7 37. Qxf7 Rxf2+ 38. Kh3 Rxh2+ 39. Kg4 h5+ 40. Kf5 Qc3 41. Qg6+ Kg8 42. Qe8+ 1/2-1/2

[Event "Baden Wuerttemberg-ch Seniors op 2nd"]
[Site "Freudenstadt"]
[Date "2016.07.07"]
[Round "7"]
[White "Hund, Gerhard"]
[Black "Mueller, Waldemar"]
[Result "0-1"]
[WhiteElo "1972"]
[BlackElo "2062"]
[PlyCount "32"]
[EventDate "2016.07.01"]
[EventType "swiss"]
[EventRounds "9"]
[EventCountry "GER"]
[SourceTitle "EXT 2019"]
[Source "ChessBase"]
[SourceDate "2018.10.10"]
[SourceVersion "1"]
[SourceVersionDate "2018.10.10"]
[SourceQuality "1"]

1. d4 c5 2. d5 Nf6 3. Bg5 Ne4 4. Bf4 Qb6 5. b3 g6 6. c3 Bg7 7. Qc2 f5 8. Nf3 d6 9. Ng5 Nf6 10. Qd3 Na6 11. Nd2 Nc7 12. Nc4 Qa6 13. e4 b5 14. Nb2 h6 15. Qg3 Nh5 16. Ne6 Bxe6 0-1

[Event "GER-chA Seniors 26th"]
[Site "Bad Neuenahr"]
[Date "2014.08.09"]
[Round "5"]
[White "Pamperin, Gerhard"]
[Black "Hund, Gerhard"]
[Result "1/2-1/2"]
[WhiteElo "1947"]
[BlackElo "2059"]
[PlyCount "89"]
[EventDate "2014.08.05"]
[EventType "swiss"]
[EventRounds "9"]
[EventCountry "GER"]
[SourceTitle "EXT 2018"]
[Source "ChessBase"]
[SourceDate "2017.10.13"]
[SourceVersion "1"]
[SourceVersionDate "2017.10.13"]
[SourceQuality "1"]

1. d4 c5 2. d5 e5 3. c4 f5 4. Nc3 d6 5. g3 Nf6 6. Bg2 Be7 7. e4 0-0 8. Nge2 fxe4 9. 0-0 Bf5 10. Qc2 Na6 11. a3 Qd7 12. Nxe4 Nc7 13. N2c3 Rac8 14. a4 Na6 15. Qe2 Nb4 16. a5 Kh8 17. f3 Nxe4 18. fxe4 Bg4 19. Qd2 h6 20. Nb5 a6 21. Na3 Qa4 22. Re1 Qxa5 23. Qc3 Qd8 24. Nc2 Nxc2 25. Qxc2 Bg5 26. h4 Bxc1 27. Qxc1 Qd7 28. Qe3 Rf6 29. b3 Rcf8 30. Rf1 Rxf1+ 31. Rxf1 Rxf1+ 32. Bxf1 b5 33. cxb5 axb5 34. Qf2 Kg8 35. Qa2 Bf3 36. Bg2 Bxg2 37. Kxg2 Qg4 38. Qc2 b4 39. Qd3 Kh7 40. Kh2 Qc8 41. Qb5 Qa8 42. Qd7 Qf8 43. Kg2 Qf6 44. Qc7 h5 45. Qd7 1/2-1/2

[Event "GER CupT Baden Seniors final"]
[Site "Baden"]
[Date "2014.07.05"]
[Round "3.3"]
[White "Hund, Gerhard"]
[Black "Staub, Gerhard"]
[Result "1-0"]
[WhiteElo "2059"]
[BlackElo "2046"]
[PlyCount "89"]
[EventDate "2014.07.05"]
[EventType "team-k.o."]
[EventRounds "4"]
[EventCountry "GER"]
[SourceTitle "EXT 2015"]
[Source "ChessBase"]
[SourceDate "2014.11.20"]
[SourceVersion "1"]
[SourceVersionDate "2014.11.20"]
[SourceQuality "1"]
[WhiteTeam "Zaehringen"]
[BlackTeam "Eppingen"]
[WhiteTeamCountry "GER"]
[BlackTeamCountry "GER"]

1. Nf3 Nf6 2. d4 b6 3. c4 e6 4. e3 Bb7 5. Be2 Be7 6. 0-0 d5 7. Nc3 0-0 8. b3 Nbd7 9. Bb2 c5 10. cxd5 Nxd5 11. Nxd5 Bxd5 12. Rc1 Bf6 13. Qd2 Qe7 14. dxc5 Bxb2 15. Qxb2 Nxc5 16. Rfd1 Rfd8 17. Ne1 Rac8 18. b4 Ne4 19. Bf3 h6 20. a3 Qf6 21. Qxf6 Nxf6 22. Kf1 Bxf3 23. Rxd8+ Rxd8 24. gxf3 Rd5 25. Rc8+ Kh7 26. Rc7 Rd7 27. Rc2 Kg6 28. Ke2 Kg5 29. Rc4 Nd5 30. Ng2 e5 31. f4+ exf4 32. Nxf4 Nxf4+ 33. Rxf4 f5 34. Rc4 Kf6 35. a4 h5 36. a5 bxa5 37. bxa5 Ke5 38. a6 Kd5 39. Rd4+ Kc6 40. Rxd7 Kxd7 41. Kf3 Kc6 42. Kf4 g6 43. Kg5 Kb5 44. f3 Kxa6 45. e4 1-0

[Event "Baden-ch"]
[Site "Birkenfeld"]
[Date "2013.05.30"]
[Round "5"]
[White "Hund, Gerhard"]
[Black "Zieger, Bernd"]
[Result "1/2-1/2"]
[WhiteElo "2117"]
[BlackElo "2013"]
[PlyCount "82"]
[EventDate "2013.05.26"]
[EventType "swiss"]
[EventRounds "9"]
[EventCountry "GER"]
[SourceTitle "EXT 2014"]
[Source "ChessBase"]
[SourceDate "2013.11.20"]
[SourceVersion "1"]
[SourceVersionDate "2013.11.20"]
[SourceQuality "1"]

1. Nf3 d5 2. d4 e6 3. Bf4 Nf6 4. Nbd2 c5 5. e3 Nc6 6. Be2 Bd6 7. Bxd6 Qxd6 8. 0-0 0-0 9. c4 cxd4 10. exd4 b6 11. cxd5 exd5 12. Rc1 Bb7 13. Bd3 Rfe8 14. a3 Re7 15. Re1 Rxe1+ 16. Qxe1 Re8 17. Qf1 h6 18. Re1 Re6 19. Rxe6 Qxe6 20. Qe2 Qxe2 21. Bxe2 Bc8 22. Bb5 Bd7 23. Bxc6 Bxc6 24. Kf1 Kf8 25. Ne5 Bb5+ 26. Ke1 Ke7 27. f3 Ke6 28. Kf2 Ne8 29. Ke3 Nd6 30. g4 g5 31. f4 f5 32. h3 fxg4 33. hxg4 h5 34. Ndf3 gxf4+ 35. Kxf4 hxg4 36. Kxg4 Be2 37. Kf4 Bxf3 38. Kxf3 Nf5 39. Nc6 a5 40. b4 axb4 41. axb4 Nd6 1/2-1/2

[Event "Bad Woerishofen Seniors op 28th"]
[Site "Bad Woerishofen"]
[Date "2012.03.07"]
[Round "6.2"]
[White "Hund, Gerhard"]
[Black "Baum, Bernd"]
[Result "0-1"]
[WhiteElo "2044"]
[BlackElo "2216"]
[PlyCount "122"]
[EventDate "2012.03.02"]
[EventType "swiss"]
[EventRounds "9"]
[EventCountry "GER"]
[SourceTitle "EXT 2022"]
[Source "ChessBase"]
[SourceDate "2021.10.06"]
[SourceVersion "1"]
[SourceVersionDate "2021.10.06"]
[SourceQuality "1"]

1. e4 c5 2. Nf3 g6 3. Nc3 Bg7 4. d3 Nc6 5. Be3 d6 6. h3 e6 7. d4 cxd4 8. Nxd4 a6 9. Qd2 Nge7 10. Be2 0-0 11. 0-0 Qc7 12. a4 Rd8 13. Rfd1 Na5 14. Qd3 e5 15. Nb3 Be6 16. Nxa5 Qxa5 17. b4 Qc7 18. Bc1 Rac8 19. Bb2 f5 20. Qe3 fxe4 21. Nxe4 Nf5 22. Qa3 Qxc2 23. Bd3 Qb3 24. Rdc1 Qxa3 25. Bxa3 Bh6 26. Rxc8 Rxc8 27. g4 Nd4 28. Bb2 Nf3+ 29. Kg2 Nd2 30. Nxd2 Bxd2 31. b5 a5 32. Rd1 Bb4 33. Be4 b6 34. Bc6 Bb3 35. Ra1 Rf8 36. Bc1 d5 37. Bh6 Rf7 38. Rb1 Bc4 39. Rd1 d4 40. Rc1 Be6 41. Be4 Bc5 42. Bd2 Rc7 43. Bc6 Bd6 44. f3 Kf7 45. h4 Bb3 46. Bg5 d3 47. Rc3 Bc2 48. Kf2 Bc5+ 49. Rxc5 bxc5 50. Be3 Ke6 51. Bd2 Kd6 52. Bxa5 Ra7 53. Bd2 Rxa4 54. Ke3 Ra3 55. Be8 Rb3 56. h5 gxh5 57. gxh5 c4 58. Ba5 c3 59. Bg6 hxg6 60. Bxc3 Rxc3 61. hxg6 Ke6 0-1

[Event "Bad Woerishofen Seniors op 28th"]
[Site "Bad Woerishofen"]
[Date "2012.03.03"]
[Round "2.27"]
[White "Hund, Gerhard"]
[Black "Eglseder, Gottfried"]
[Result "1-0"]
[WhiteElo "2044"]
[BlackElo "1651"]
[PlyCount "63"]
[EventDate "2012.03.02"]
[EventType "swiss"]
[EventRounds "9"]
[EventCountry "GER"]
[SourceTitle "EXT 2022"]
[Source "ChessBase"]
[SourceDate "2021.10.06"]
[SourceVersion "1"]
[SourceVersionDate "2021.10.06"]
[SourceQuality "1"]

1. d4 Nf6 2. Bf4 d5 3. Nf3 Bf5 4. c3 e6 5. Qb3 Qc8 6. Nbd2 Be7 7. e3 0-0 8. Nh4 Bg6 9. Nxg6 hxg6 10. h3 Nbd7 11. c4 c5 12. Be2 Qc6 13. 0-0 Qb6 14. Nf3 Rfc8 15. Rfc1 Qxb3 16. axb3 a6 17. Ne5 Nb6 18. dxc5 Bxc5 19. Nd3 Be7 20. c5 Nbd7 21. b4 Ne4 22. Rc2 f6 23. f3 e5 24. fxe4 exf4 25. Nxf4 dxe4 26. Nxg6 Bd8 27. Nf4 Ne5 28. Rd1 Kf7 29. Bg4 Rc6 30. Bd7 Rc7 31. Bf5 g6 32. Bxe4 1-0

[Event "Bad Woerishofen Seniors op 28th"]
[Site "Bad Woerishofen"]
[Date "2012.03.02"]
[Round "1.16"]
[White "Helbig, Dieter"]
[Black "Hund, Gerhard"]
[Result "1/2-1/2"]
[WhiteElo "1795"]
[BlackElo "2044"]
[PlyCount "97"]
[EventDate "2012.03.02"]
[EventType "swiss"]
[EventRounds "9"]
[EventCountry "GER"]
[SourceTitle "EXT 2022"]
[Source "ChessBase"]
[SourceDate "2021.10.06"]
[SourceVersion "1"]
[SourceVersionDate "2021.10.06"]
[SourceQuality "1"]

1. c4 e5 2. Nc3 Nf6 3. g3 c6 4. Bg2 Bb4 5. Qb3 Qe7 6. e3 Na6 7. Nge2 0-0 8. 0-0 Re8 9. a3 Ba5 10. Qc2 d6 11. b4 Bc7 12. b5 Nb8 13. d4 Be6 14. bxc6 bxc6 15. d5 Bd7 16. e4 Na6 17. Rb1 Nc5 18. Bg5 h6 19. Bxf6 Qxf6 20. dxc6 Bxc6 21. Nd5 Qd8 22. Nec3 Ne6 23. Ne2 Bb6 24. Nxb6 axb6 25. Qb2 Ra6 26. Rfd1 Qc7 27. Nc3 Rc8 28. a4 Nd4 29. Nd5 Bxd5 30. cxd5 Qc3 31. Bf1 Qxb2 32. Rxb2 Rxa4 33. Rxb6 Rd8 34. Kg2 Ra2 35. Rdb1 f5 36. exf5 Nxf5 37. R1b2 Rxb2 38. Rxb2 Kf7 39. Bd3 Ne7 40. Be4 Kf6 41. Rb3 g6 42. h4 Rd7 43. g4 Rc7 44. Rb6 Nc8 45. Rb4 Rc5 46. Kg3 Rc3+ 47. Kg2 Rc7 48. Kg3 g5 49. h5 1/2-1/2

[Event "Nuremberg LGA Cup 8th"]
[Site "Nuremberg"]
[Date "2011.09.11"]
[Round "6"]
[White "Noeckler, Alexander"]
[Black "Hund, Gerhard"]
[Result "1-0"]
[WhiteElo "1848"]
[BlackElo "1987"]
[PlyCount "101"]
[EventDate "2011.09.08"]
[EventType "swiss"]
[EventRounds "7"]
[EventCountry "GER"]
[SourceTitle "CBM 144 Extra"]
[Source "ChessBase"]
[SourceDate "2011.10.28"]
[SourceVersion "1"]
[SourceVersionDate "2011.10.28"]
[SourceQuality "1"]

1. c4 e5 2. Nc3 Nf6 3. Nf3 Nc6 4. g3 Bc5 5. Bg2 0-0 6. 0-0 Re8 7. d3 h6 8. Bd2 d5 9. cxd5 Nxd5 10. a3 Be6 11. Rc1 Bb6 12. Na4 Qe7 13. b4 a6 14. Nc5 Bxc5 15. Rxc5 a5 16. Rb5 axb4 17. axb4 b6 18. Nxe5 Nxe5 19. Bxd5 c6 20. Bxe6 cxb5 21. Bd5 Rad8 22. Qb3 Qd6 23. Bg2 Ng6 24. Be3 Rc8 25. Ra1 Re7 26. Ra6 Rxe3 27. fxe3 Rc1+ 28. Kf2 Ne5 29. Ra8+ Kh7 30. Be4+ g6 31. h3 Qf6+ 32. Bf3 Nxf3 33. exf3 Kg7 34. Ra2 Qc6 35. d4 Rc4 36. Rd2 Qd6 37. d5 Rxb4 38. Qc3+ Kh7 39. e4 Rc4 40. Qb2 Qc5+ 41. Kg2 Rc1 42. Qd4 Rc2 43. Qxc5 Rxd2+ 44. Qf2 Rxf2+ 45. Kxf2 Kg7 46. Ke3 Kf6 47. Kd4 Ke7 48. e5 f5 49. f4 g5 50. Kc3 h5 51. h4 1-0

[Event "Nuremberg LGA Cup 7th"]
[Site "Nuremberg"]
[Date "2010.09.04"]
[Round "4"]
[White "Hund, Gerhard"]
[Black "Schoeneberg, Manfred"]
[Result "1/2-1/2"]
[WhiteElo "2119"]
[BlackElo "2263"]
[PlyCount "32"]
[EventDate "2010.09.02"]
[EventType "swiss"]
[EventRounds "7"]
[EventCountry "GER"]
[SourceTitle "CBM 138 Extra"]
[Source "ChessBase"]
[SourceDate "2010.10.29"]
[SourceVersion "1"]
[SourceVersionDate "2010.10.29"]
[SourceQuality "1"]

1. Nf3 c5 2. c3 d5 3. d4 e6 4. Bf4 Nc6 5. e3 Nf6 6. Nbd2 Be7 7. Bd3 Nh5 8. Be5 Nf6 9. 0-0 cxd4 10. exd4 Nxe5 11. Nxe5 Qb6 12. Qb3 Qxb3 13. axb3 Nd7 14. b4 Nxe5 15. dxe5 0-0 16. Nf3 f6 1/2-1/2

[Event "Cologne Chess Days op"]
[Site "Cologne"]
[Date "2010.08.22"]
[Round "4"]
[White "Gnass, Arno"]
[Black "Hund, Gerhard"]
[Result "0-1"]
[WhiteElo "1870"]
[BlackElo "2118"]
[PlyCount "64"]
[EventDate "2010.08.20"]
[EventType "swiss"]
[EventRounds "5"]
[EventCountry "GER"]
[SourceTitle "EXT 2011"]
[Source "ChessBase"]
[SourceDate "2010.11.26"]
[SourceVersion "1"]
[SourceVersionDate "2010.11.26"]
[SourceQuality "1"]

1. d4 d5 2. Nf3 Nf6 3. c4 e6 4. Nc3 Nbd7 5. e3 c6 6. cxd5 exd5 7. Be2 Bd6 8. 0-0 0-0 9. Qc2 Re8 10. b3 Ne4 11. Nd2 f5 12. f4 Nxd2 13. Bxd2 Nf6 14. Rae1 Bd7 15. Nd1 Ne4 16. Nf2 Nxd2 17. Qxd2 Qe7 18. Nd3 Qxe3+ 19. Qxe3 Rxe3 20. Ne5 Rd8 21. Bd3 Rxe1 22. Rxe1 Bc8 23. Rc1 Re8 24. a3 Bxa3 25. Ra1 Bb2 26. Ra4 b5 27. Ra2 Bxd4+ 28. Kf1 Bxe5 29. fxe5 a6 30. Re2 Kf7 31. g4 fxg4 32. Bxh7 g6 0-1

[Event "Cologne Chess Days op"]
[Site "Cologne"]
[Date "2010.08.22"]
[Round "5"]
[White "Hund, Gerhard"]
[Black "Speck, Stefan"]
[Result "1-0"]
[WhiteElo "2118"]
[BlackElo "2011"]
[PlyCount "55"]
[EventDate "2010.08.20"]
[EventType "swiss"]
[EventRounds "5"]
[EventCountry "GER"]
[SourceTitle "EXT 2011"]
[Source "ChessBase"]
[SourceDate "2010.11.26"]
[SourceVersion "1"]
[SourceVersionDate "2010.11.26"]
[SourceQuality "1"]

1. Nf3 d5 2. d4 Nf6 3. c3 e6 4. Bf4 Be7 5. Nbd2 0-0 6. e3 b6 7. Bd3 Bb7 8. 0-0 Ne4 9. Qc2 f5 10. Be5 Nd7 11. c4 c5 12. Rfd1 Rc8 13. Qb3 Nxe5 14. Nxe5 cxd4 15. exd4 dxc4 16. Bxc4 Nxf2 17. Bxe6+ Kh8 18. Kxf2 Qxd4+ 19. Qe3 Qh4+ 20. Kf1 Qxh2 21. Ndf3 Qh1+ 22. Kf2 Rc2+ 23. Rd2 Rxd2+ 24. Qxd2 Qxa1 25. Ne1 Bf6 26. Qb4 Ra8 27. Nf7+ Kg8 28. Nd8+ 1-0

[Event "Bayern-ch Seniors 21st"]
[Site "Bergen"]
[Date "2009.06.20"]
[Round "1"]
[White "Hund, Gerhard"]
[Black "Mahrla, Hans"]
[Result "0-1"]
[WhiteElo "1935"]
[BlackElo "1663"]
[PlyCount "84"]
[EventDate "2009.06.20"]
[EventType "swiss"]
[EventRounds "9"]
[EventCountry "GER"]
[SourceTitle "EXT 2015"]
[Source "ChessBase"]
[SourceDate "2014.11.20"]
[SourceVersion "1"]
[SourceVersionDate "2014.11.20"]
[SourceQuality "1"]

1. Nf3 Nf6 2. d4 d5 3. c4 e6 4. Bg5 Be7 5. e3 Nbd7 6. Nc3 a6 7. Rc1 dxc4 8. Bxc4 b5 9. Bd3 Bb7 10. 0-0 Rc8 11. Qe2 c5 12. Rfd1 cxd4 13. exd4 0-0 14. a3 Re8 15. Ne5 Nd5 16. Bxe7 Qxe7 17. Nxd5 Bxd5 18. a4 Rxc1 19. Rxc1 Qg5 20. Bxh7+ Kxh7 21. f4 Qxf4 22. Qd3+ Be4 23. Qh3+ Kg8 24. Rf1 Qd2 25. Nxf7 Qxd4+ 26. Kh1 Nf6 27. Ng5 Qd3 28. Qxd3 Bxd3 29. Rd1 Bc2 30. Rd6 e5 31. axb5 axb5 32. Rb6 Bd3 33. Kg1 e4 34. h3 Nd5 35. Rd6 Bc4 36. Re6 Rxe6 37. Nxe6 Ne3 38. Nd4 Kf7 39. b3 Bd3 40. g3 Nc2 41. Nf5 Kf6 42. g4 g6 0-1